000 00827nam a2200253 a 4500
008
049 _aMAIN
090 _aZ716.4
_bLUN
100 1 _aLundu, Maurice Chimfwembe.
245 1 4 _aThe library in the service of society :
_bphilosophical foundation /
_cMaurice Chimfwembe Lundu.
260 _aPretoria :
_bInfo Africa Nova,
_c1998.
300 _axii, 211 p. ;
_c21 cm.
504 _aIncludes bibliographical references.
500 _aIncludes index.
650 0 _aLibraries and society.
650 0 _aLibraries
_xAims and objectives.
650 0 _aLibraries and society
_zAfrica.
650 0 _aLibraries
_xAims and objectives
_zAfrica.
907 _a.b10028389
_b24-09-15
_c17-04-03
003
005 20230123133550.0
040 _cNUST
942 _cBOOKS
_kZ716.4
_mLUN
999 _c150799
_d150799